Tỉnh thế hằng ngôn T.2 / Phùng Mộng Long ; Nguyễn Huy dịch. T.2

Wedi'i Gadw mewn:
Manylion Llyfryddiaeth
Fformat: Llyfr
Cyhoeddwyd: Khoa học xã hội 1999
Tagiau: Ychwanegu Tag
Dim Tagiau, Byddwch y cyntaf i dagio'r cofnod hwn!
Thư viện lưu trữ: Mạng thư viện Đại học Đà Nẵng
LEADER 00520nam a22001811a 4500
001 000035739
003 12030
005 20160318111217.0
008 160318s1999 000
082 |a 895.1  |b PH-L  |2 T.2 
245 |a Tỉnh thế hằng ngôn T.2 / Phùng Mộng Long ; Nguyễn Huy dịch.  |c Phùng Mộng Long  |n T.2 
260 |a Khoa học xã hội  |c 1999 
OWN |a LNN 
999 |a From the UDN01 
TYP |a Monograph 
980 |a Mạng thư viện Đại học Đà Nẵng